Theories of the symbol /

Bibliographic Details
Main Author: Todorov, Tzvetan, 1939-2017
Format: Book
Language:English
Published: Ithaca, N.Y. : Cornell University Press, 1982.
Subjects:

MARC

Tag First Indicator Second Indicator Subfields
LEADER 00000pam a2200000 a 4500
001 in00000098182
005 20180310063240.0
008 811029s1982 nyua b 00110 eng
010 |a  81017420  
020 |a 0801411920 
035 |a (OCoLC)07947634 
035 |9 AAK9548AM 
039 0 |a 2  |b 3  |c 3  |d 3  |e 3 
040 |a DLC  |c DLC  |d TXA  |d UtOrBLW 
041 1 |a eng  |h fre 
049 |a TXAM  |c [1562111] 
050 0 0 |a P99  |b  T613 1982 
082 0 |a 001.51  |2 19 
100 1 |a Todorov, Tzvetan,  |d 1939-2017. 
240 1 0 |a Théories du symbole.  |l English 
245 1 0 |a Theories of the symbol /  |c Tzvetan Todorov ; translated by Catherine Porter. 
264 1 |a Ithaca, N.Y. :  |b Cornell University Press,  |c 1982. 
300 |a 302 pages :  |b illustrations ;  |c 24 cm. 
336 |a text  |b txt  |2 rdacontent 
337 |a unmediated  |b n  |2 rdamedia 
338 |a volume  |b nc  |2 rdacarrier 
500 |a Translation of: Theories du symbole. 
500 |a Includes index. 
504 |a Bibliography: pages [293]-297. 
650 0 |a Semiotics. 
650 0 |a Rhetoric. 
999 |a MARS 
999 f f |s a5c6ee40-e1d3-3ba7-b876-b39519a9f5b4  |i b15c5ce5-c6b5-3a91-bc1d-2c28df61e388  |t 0 
952 f f |p ric  |a Texas A&M University  |b Rellis Campus  |c Joint Library Facility  |s JLF  |d Remote Storage  |t 0  |e P99 T613 1982  |h Library of Congress classification  |i unmediated -- volume  |m A14806024287 
998 f f |a P99 T613 1982  |t 0  |l Remote Storage